000 01018cam a22002174a 4500
005 20250605163929.0
008 250528s ||||||||||||||||||||||||d
035 _a14620
020 _a393972194
040 _aGR-AtMCL
_bgre
_dGR-AtMCL
_eAACR2
245 1 _aCognitive Neuroscience / The Biology of the Mind
260 _bW.W. Norton & Company,
_c1998
300 _a592
520 _aBoxes, Preface, A Brief History of Cognitive Neuroscience, The Substrates of Cognition, The Methods of Cognitive Neuroscience, Perception and Encoding, Higher Perceptual Functions, Attention and Selective Perception, Memory Systems, Language and the Brain, Celebral Lateralization and Specialization, Motor Control, Executive Functions and Frontal Lobes, Development and Plasticity, Evolutionary Perspectives, The Problem of Consiousness, References, Credits, Index.
700 1 _aGazzaniga Michael S
_9349
700 1 _aIvry Richard B
_9350
700 1 _aMangun George R
_9351
942 _cBK
999 _c244
_d244